Quizzes
Events
Quiz Creation
Community
Videos
Private Events
Remove Ads
Sign In
Join for FREE
Feedback
Dark Mode
Quiz Categories
Sports
Geography
Music
Movies
Television
Just For Fun
Miscellaneous
History
Literature
Language
Science
Gaming
Entertainment
Religion
Holiday
For Kids
Quiz Lab
Recent
Popular Today
Quiz Kudos Today
Editor Picks
Curator Picks
Quizzes by...
Day
Popularity
Type
Ratings
Length
Year
Community
Subscriptions
Recent Discussions
Orange Saloon
Badges
Playlists
Quests
Create
Leaderboards
Showdown
Live 5
Trivia Bingo
Activity
Puzzle Library
Sporcle Events
Private Events
Virtual Trivia
Globe League
Become a Host
Pub Owners
SporcleCon
Opinionation
Our Games
Videos
Blog
Mobile Apps
Partnerships
Remove Ads and Go Orange
Feedback
Science
Computer
Plants
Astronomy
Chemistry
Elements
Math
Animal
Physics
Anatomy
Biology
Geology
General Science
Science
Computer
Plants
Astronomy
Chemistry
Elements
Math
Animal
Physics
Anatomy
Biology
Geology
General Science
Random Quiz
Search Sporcle
×
Quiz Lab
Quiz Lab
Science
Famous
Type in answers that appear in a list
Type in answers that appear in a list
Classic
Best Score? Go Orange.
AP Psych - Famous Psychologists Stats
Can you name the famous psychologists?
By
dannye617
10m
30 Questions
1,345 Plays
1,345 Plays
1,345 Plays
Comments
Comments
Give Quiz Kudos
Give Quiz Kudos
-
- Ratings
hide this ad
More Info
Forced Order
Answers have to be entered in order
Answers have to be entered in order
Replay
Link that replays current quiz
Next Quiz
Link to next quiz in quiz playlist
You Got
0%
They Got
Avg Score
44%
Avg Friend Score
Upgrade to see
Score Distribution
Jump to the score distribution portion of the page
Score
0/30
Timer
10:00
0
Plays Today
Hint
Psychologist
% Correct
Psychosexual stages, unconscious and sexual drive, dreams
Sigmund Freud
84.7%
Classical conditioning; experiments on dogs
Ivan Pavlov
83.3%
Hierarchy of needs, self-
actualization
Abraham Maslow
75.9%
Natural selection, variation, heredity, evolution, speciation
Charles Darwin
75.8%
Reinforcement (fixed vs. variable, interval vs. ratio), _
_
_
_
_
_
_
box
B. F. Skinner
65.3%
Social-
learning theory, Reciprocal determinism, self-
efficacy; Bobo Doll Experiment
Albert Bandura
63.1%
Set up 1st psychological lab
Wilhelm Wundt
61.9%
4 stages of cognitive development
Jean Piaget
60%
Moral development stages
Lawrence Kohlberg
59.9%
Obedience studies; subjects 'shock' a learner
Stanley Milgram
59.3%
Stanford prison experiment, role-
playing (fundamental attribution error)
Philip Zimbardo
58.7%
Learning, Little Albert, conditioning
John Watson
58.4%
8 stages of psychosocial development; Neo-
Freudian
Erik Erikson
57.1%
Client-
centered therapy, unconditonal positive regard, self theory of personality
Carl Rogers
54.9%
Infant monkey experiments; attachment
Harry Harlow
52.3%
Hint
Psychologist
% Correct
Collective unconscious, archetypes, neo-
Freudian
Carl Jung
51.4%
Functionalism, 1st psychology textbook
William James
48.6%
Critical-
period hypothesis for language acquisition
Noam Chomsky
41.3%
2-
factor theory of emotion
Stanley Schachter
38%
Inferiority complex, social tensions shape personality, neo-
Freudian
Alfred Adler
37.7%
Anxiety, neurosis, neo-
Freudian
Karen Horney
24.5%
Constructive memory experiments, memories of childhood traumas
Elizabeth Loftus
23.3%
Mental health as more than absence of disorder, learned helplessness
Martin Seligman
20.3%
Mirror box experiment, phantom limb syndrome
Vilayanur Ramachandran
15.9%
Gestalt Psychology, perceptual organization
Max Wertheimer
15.2%
1700s, personality comes from brain functions, cranioscopies
Franz Gall
13.5%
Marshmallow experiment, consistency of behavior across situations is low
Walter Mischel
13%
Children applying rules of grammar; language is innate
Steven Pinker
10.5%
Object permanence, looking-
time experiments
Renee Baillargeon
6.4%
'Flow'
Mihaly Czikzentmihalyi
3.7%
Quiz Playlist
Details
Report
Send in Message
Add To Playlist
More Info:
Clues and answers taken from Barron's and class notes.
Classic:
Type in answers that appear in a list
Forced Order:
Answers have to be entered in order
Last Updated: Mar 1, 2017
Quiz Scoreboard
CHALLENGE
Sign Up to Join the Scoreboard
Show All
Scores
Hide
Comments
May contain spoilers
Recently Published
Click the 1999 NBA Draft
by nibperrychub
Sports
2m
Alphabetical 'K' Countries by Flag Minefield
by ylime102
Geography
3m
Pick 6: Fruits
by JohnFran
Miscellaneous
15s
More to Explore
Quiz From the Vault
Featured Blog Post
15 Basketball Trivia Facts You Can Be March Mad About
hide this ad
You Might Also Like...
Tags
Famous Quiz
field
Psych
Psychologist
topic
unit
Today's Top Quizzes in Science
Browse Science
hide this ad
Today's Top Quizzes in Famous
Browse Famous
Top Contributed Quizzes in Science
1
Pick 6: Animals
2
Group Clicking: Animals II
3
Square Numbers Scrambled (1-50)
4
Flowers by Accent Chairs
5
The First 100 Digits of Pi
6
Find the Spring Animals
7
Why is the sky blue? And other physics questions.
8
Trigonometric Exact Values
9
Needlepoint Flowers
10
Word Ladder: A Quick One (7)
Explore More
Trending Topics
Anime
Crossword
NBA
Kpop
Disney
Marvel
Harry Potter
Pokémon
Song
Puzzle
NFL
WWE
The Office
Soccer
Country
hide this ad
More By:
dannye617
Quiz
Plays
Rating
Category
Featured
Created
Wait, How Many Was That?
175,804
4.39
Just For Fun
Jan 8, 2011
Countries in Chunks
100,006
3.69
Geography
Aug 4, 2010
AP Psych - Parts of the Brain
13,311
4.85
Science
Apr 30, 2010
Unique Countries
4,512
3.89
Geography
Feb 21, 2010
Unique World Capitals
2,691
3.42
Geography
Feb 14, 2010
Go to Creator's Profile
Score Distribution
Quiz Creator Spotlight
dannye617
Follow
Send a Message
Quizzes Created
-
Created Quiz Play Count
-
More By This Creator
Popular Quizzes Today
1
Countries of Asia Without Outlines Minefield
2
Find the US States - No Outlines Minefield
3
Pick 6: Fruits
4
Alphabetical 'K' Countries by Flag Minefield
5
The Countries of the World
6
Find the US States
7
US States
8
Match the Book to the Film X
More Science Quizzes
Planet Click Blitz (Alphabetical)
Published
Trending Quizzes
Pick 6: Mountains
Pick 6: Harry Potter
Pick 6: NFL Teams
Pick 6: Movie Franchises
Pick 6: Golfers
Recently Updated
NWSL Teams
pecheneg
Women's Final Four Teams by Year
bhenderson79
Presidents Quartet II
eogle
Anything But Clue(do)
eogle
Anything But Oceanian Capitals
eogle
Anything But 7
eogle
Anything But Thing
eogle
Word Ladder: February 29
pecheneg
Song Title Questions
pecheneg
Women's NCAA Tournament #1 Seeds
pecheneg
Trending Topics
Crossword
Disney
Marvel
Anime
Kpop
NBA
Harry Potter
The Office
WWE
Soccer
Country
Pokémon
NFL
Puzzle
Song
Your Account Isn't Verified!
In order to create a playlist on Sporcle, you need to verify the email address you used during registration. Go to your
Sporcle Settings
to finish the process.
Report this User
Report this user for behavior that violates our
Community Guidelines
.
Details:
Send Report
Go to the Sporcle.com Mobile Site →
Comments